| 000 | 00727nam a22002177a 4500 | ||
|---|---|---|---|
| 005 | 20100610115457.0 | ||
| 008 | 100610t xxu||||| |||| 00| 0 eng d | ||
| 010 | _aENG-96328 | ||
| 020 |
_a9788190515610 _c395.00 |
||
| 035 | _aEN-79861 | ||
| 037 | _bDBAD/PUB | ||
| 040 |
_aDPL _bEng |
||
| 082 | _a808.882 | ||
| 100 |
_aAnjana Singh _921845 |
||
| 245 |
_aWorld famous quotations / _cby Anjana Singh |
||
| 260 |
_aDelhi _bShekhar _c2010 |
||
| 270 |
_a6/40, Mohalla Maharam, Gali Aryasamj, Shahdara _bDelhi _e110032 |
||
| 300 |
_a160p. _c22 cm. (Hb) |
||
| 942 |
_2ddc _cEN _mANJ _h808.882 |
||
| 999 |
_c36674 _d36674 |
||